[Event "Quebec op U2000"]
[Site "Montreal CAN"]
[Date "2012.07.22"]
[Round "3"]
[White "Jureidini, Gabriel"]
[Black "Yao, Houji"]
[Result "0-1"]
[WhiteElo "1725"]
[BlackElo "1885"]
[PlyCount "50"]
[GameId "2160767909442322"]
[EventDate "2012.07.21"]
[EventType "swiss"]
[EventRounds "9"]
[EventCountry "CAN"]
[SourceTitle "EXT 2022"]
[Source "ChessBase"]
[SourceDate "2021.10.06"]
[SourceVersion "1"]
[SourceVersionDate "2021.10.06"]
[SourceQuality "1"]

1. e4 c5 2. Nf3 e6 3. d4 cxd4 4. Nxd4 a6 5. Bd3 Qc7 6. O-O Nf6 7. Qe2 d6 8. Nc3 Nbd7 9. Kh1 Be7 10. f4 O-O 11. Bd2 b5 12. Rae1 Bb7 13. e5 dxe5 14. fxe5 Nd5 15. Bxh7+ Kxh7 16. Qh5+ Kg8 17. Rf3 N5f6 18. Rxf6 Nxf6 19. exf6 Bxf6 20. Nce2 Rac8 21. Qg4 Qc4 22. c3 Qd3 23. Bc1 Qe4 24. Qg3 Bh4 25. Ng1 Qxe1 0-1

[Event "Quebec op U2000"]
[Site "Montreal CAN"]
[Date "2012.07.22"]
[Round "3"]
[White "Lalumiere, Claude"]
[Black "Perna-Fraser, David"]
[Result "0-1"]
[WhiteElo "1825"]
[BlackElo "1701"]
[PlyCount "46"]
[GameId "2160767909442323"]
[EventDate "2012.07.21"]
[EventType "swiss"]
[EventRounds "9"]
[EventCountry "CAN"]
[SourceTitle "EXT 2022"]
[Source "ChessBase"]
[SourceDate "2021.10.06"]
[SourceVersion "1"]
[SourceVersionDate "2021.10.06"]
[SourceQuality "1"]

1. e4 e5 2. f4 exf4 3. Nf3 d5 4. exd5 Nf6 5. Bb5+ Bd7 6. Bxd7+ Qxd7 7. c4 c6 8. dxc6 Nxc6 9. d4 O-O-O 10. d5 Re8+ 11. Kf1 Bc5 12. Nc3 Ne5 13. b3 Qf5 14. Na4 Nxf3 15. Qxf3 Bd4 16. Nc3 Qc2 17. Nb5 Bxa1 18. Nd6+ Kb8 19. Bxf4 Ka8 20. Nxe8 Rxe8 21. g3 Bc3 22. Be3 Qd3+ 23. Kf2 Qxe3+ 0-1

[Event "Quebec op U2000"]
[Site "Montreal CAN"]
[Date "2012.07.22"]
[Round "3"]
[White "Le Bas, Nicolas"]
[Black "Desmarais, Serge"]
[Result "0-1"]
[WhiteElo "1655"]
[BlackElo "1633"]
[PlyCount "74"]
[GameId "2160767909442324"]
[EventDate "2012.07.21"]
[EventType "swiss"]
[EventRounds "9"]
[EventCountry "CAN"]
[SourceTitle "EXT 2022"]
[Source "ChessBase"]
[SourceDate "2021.10.06"]
[SourceVersion "1"]
[SourceVersionDate "2021.10.06"]
[SourceQuality "1"]

1. e4 Nf6 2. e5 Nd5 3. c4 Nb6 4. d4 d6 5. f4 dxe5 6. fxe5 Nc6 7. Be3 Bf5 8. Nf3 e6 9. Be2 Be7 10. Nbd2 Qd7 11. O-O O-O 12. a3 a5 13. Qe1 f6 14. Rc1 Rad8 15. Qg3 fxe5 16. dxe5 Qe8 17. Kh1 Qg6 18. Qf2 Nc8 19. Bc5 Bd3 20. Bxe7 N8xe7 21. Bxd3 Rxd3 22. Qe2 Rfd8 23. Ne4 Qh6 24. Nc5 Nf5 25. Kg1 Re3 26. Qf2 Nxe5 27. Nxe5 Rxe5 28. g4 Rd2 29. Qf4 Qxf4 30. Rxf4 Nd4 31. Nd7 Ne2+ 32. Kf1 Nxf4 33. Nxe5 Rxb2 34. Rd1 h5 35. g5 Rxh2 36. Rd8+ Kh7 37. Rf8 Ng6 0-1

[Event "Quebec op U2000"]
[Site "Montreal CAN"]
[Date "2012.07.22"]
[Round "3"]
[White "Libersan, Mattieu"]
[Black "Dubreuil, Raymond"]
[Result "1/2-1/2"]
[WhiteElo "1885"]
[BlackElo "1502"]
[PlyCount "96"]
[GameId "2160767909442325"]
[EventDate "2012.07.21"]
[EventType "swiss"]
[EventRounds "9"]
[EventCountry "CAN"]
[SourceTitle "EXT 2022"]
[Source "ChessBase"]
[SourceDate "2021.10.06"]
[SourceVersion "1"]
[SourceVersionDate "2021.10.06"]
[SourceQuality "1"]

1. e4 c5 2. Nf3 e6 3. d4 cxd4 4. Nxd4 Nf6 5. Nc3 Nc6 6. Ndb5 d5 7. exd5 Nxd5 8. Nxd5 exd5 9. Qxd5 Qe7+ 10. Be2 Be6 11. Qe4 O-O-O 12. O-O a6 13. Nc3 Rd4 14. Qf3 Bg4 15. Qxg4+ Rxg4 16. Bxg4+ Kb8 17. Bf4+ Ka7 18. Rfe1 Qf6 19. Be3+ Kb8 20. Nd5 Qg6 21. Bf3 Bd6 22. Nf4 Bxf4 23. Bxf4+ Ka8 24. Rad1 Qf6 25. Bg3 Nd4 26. Bxb7+ Kxb7 27. Be5 Nf3+ 28. gxf3 Qg5+ 29. Bg3 Rd8 30. Rxd8 Qxd8 31. c4 Kc6 32. Kg2 h5 33. h4 g6 34. b3 Qd7 35. Re5 Qd2 36. a4 Qc2 37. Re3 Kd7 38. Be5 Qf5 39. c5 f6 40. Bd6 g5 41. hxg5 Qxg5+ 42. Kh3 Qf5+ 43. Kg2 Qg6+ 44. Kh3 Qf5+ 45. Kg2 Qg5+ 46. Kh2 Qh4+ 47. Kg2 Qg5+ 48. Kh2 Qh4+ 1/2-1/2

[Event "Quebec op U2000"]
[Site "Montreal CAN"]
[Date "2012.07.22"]
[Round "3"]
[White "Messier, David"]
[Black "Autotte, Daniel"]
[Result "0-1"]
[WhiteElo "1699"]
[BlackElo "1796"]
[PlyCount "72"]
[GameId "2160767909442326"]
[EventDate "2012.07.21"]
[EventType "swiss"]
[EventRounds "9"]
[EventCountry "CAN"]
[SourceTitle "EXT 2022"]
[Source "ChessBase"]
[SourceDate "2021.10.06"]
[SourceVersion "1"]
[SourceVersionDate "2021.10.06"]
[SourceQuality "1"]

1. e4 e6 2. d4 d5 3. e5 c5 4. c3 Nc6 5. Nf3 cxd4 6. cxd4 Qb6 7. Be2 Nge7 8. Na3 Nf5 9. Nc2 Be7 10. O-O Bd7 11. a3 Na5 12. b4 Nb3 13. Rb1 Nxc1 14. Rxc1 Ba4 15. Qd2 O-O 16. Ne3 Nh4 17. Nxh4 Bxh4 18. g3 Be7 19. h4 Rfc8 20. h5 f6 21. Ng4 f5 22. Nh2 Bb5 23. Bxb5 Qxb5 24. g4 fxg4 25. Nxg4 Qe8 26. Qe2 Bg5 27. f4 Rxc1 28. Rxc1 Bxf4 29. Rc7 Rc8 30. Nf6+ gxf6 31. Qg4+ Bg5 32. Rxc8 Qxc8 33. exf6 Qc1+ 34. Kg2 Qd2+ 35. Kh3 Qe3+ 36. Kg2 Qe4+ 0-1

[Event "Quebec op U2000"]
[Site "Montreal CAN"]
[Date "2012.07.22"]
[Round "3"]
[White "Morel, Joseph"]
[Black "Parenteau, Francois"]
[Result "1-0"]
[WhiteElo "1688"]
[BlackElo "1525"]
[PlyCount "65"]
[GameId "2160767909442327"]
[EventDate "2012.07.21"]
[EventType "swiss"]
[EventRounds "9"]
[EventCountry "CAN"]
[SourceTitle "EXT 2022"]
[Source "ChessBase"]
[SourceDate "2021.10.06"]
[SourceVersion "1"]
[SourceVersionDate "2021.10.06"]
[SourceQuality "1"]

1. e4 d5 2. exd5 Nf6 3. Nf3 Nxd5 4. d4 Bg4 5. Be2 Nc6 6. c4 Nb6 7. d5 Bxf3 8. Bxf3 Ne5 9. b3 e6 10. O-O Qf6 11. dxe6 fxe6 12. Bxb7 Rb8 13. Be4 Bd6 14. Nc3 O-O 15. Qh5 g6 16. Qh3 Nc8 17. Bc2 Ng4 18. Qxg4 Qxc3 19. Qxe6+ Kg7 20. Qe2 Ne7 21. Rb1 Kg8 22. Bb2 Qa5 23. Qg4 Rf4 24. Qe6+ Kf8 25. Bc1 Rf7 26. Bh6+ Kg8 27. Rfe1 Qh5 28. Qh3 Qxh3 29. gxh3 Nc6 30. Be4 Ne7 31. Bg5 Rbf8 32. Be3 Nf5 33. Bd5 1-0

[Event "Quebec op U2000"]
[Site "Montreal CAN"]
[Date "2012.07.22"]
[Round "3"]
[White "Pregent, Daniel"]
[Black "Ouellet-Lahaie, Didier"]
[Result "1/2-1/2"]
[WhiteElo "1814"]
[BlackElo "1728"]
[PlyCount "81"]
[GameId "2160767909442329"]
[EventDate "2012.07.21"]
[EventType "swiss"]
[EventRounds "9"]
[EventCountry "CAN"]
[SourceTitle "EXT 2022"]
[Source "ChessBase"]
[SourceDate "2021.10.06"]
[SourceVersion "1"]
[SourceVersionDate "2021.10.06"]
[SourceQuality "1"]

1. d4 Nf6 2. Nf3 g6 3. c4 Bg7 4. Nc3 d5 5. cxd5 Nxd5 6. e4 Nxc3 7. bxc3 O-O 8. Rb1 c5 9. Be2 Qc7 10. O-O b6 11. Qd3 cxd4 12. cxd4 Rd8 13. Qe3 Ba6 14. Bb2 Bxe2 15. Qxe2 Nd7 16. Rfc1 Qb7 17. d5 Bxb2 18. Rxb2 Rac8 19. Rbc2 Rxc2 20. Qxc2 Nc5 21. Ne5 Qc7 22. Nc6 Re8 23. Qc4 e6 24. Nb4 Qf4 25. Re1 exd5 26. Nxd5 Qe5 27. f4 Qe6 28. Qd4 Rc8 29. Nf6+ Kf8 30. e5 h5 31. Re2 Qf5 32. Rd2 Ne6 33. Qd6+ Kg7 34. g3 Qb1+ 35. Kg2 Rd8 36. Qxd8 Nxd8 37. Rxd8 Qc2+ 38. Kf3 Qc3+ 39. Kg2 Qc2+ 40. Kh3 Qf5+ 41. Kg2 1/2-1/2

[Event "Quebec op U2000"]
[Site "Montreal CAN"]
[Date "2012.07.22"]
[Round "3"]
[White "Robichaud, Nicolas"]
[Black "Turcotte, Jonathan"]
[Result "0-1"]
[WhiteElo "1145"]
[BlackElo "1933"]
[PlyCount "136"]
[GameId "2160767909442330"]
[EventDate "2012.07.21"]
[EventType "swiss"]
[EventRounds "9"]
[EventCountry "CAN"]
[SourceTitle "EXT 2022"]
[Source "ChessBase"]
[SourceDate "2021.10.06"]
[SourceVersion "1"]
[SourceVersionDate "2021.10.06"]
[SourceQuality "1"]

1. e4 c6 2. Nf3 d5 3. exd5 cxd5 4. d4 Nf6 5. Bd3 Qc7 6. O-O Bg4 7. Nbd2 e6 8. c4 Nc6 9. Qa4 Bd6 10. h3 Bh5 11. Re1 O-O 12. Qc2 Nb4 13. Qc3 Nxd3 14. Qxd3 Bg6 15. Qe2 b6 16. Ne5 Rac8 17. b3 Bb4 18. a3 Bc3 19. Ra2 Bxd4 20. Bb2 Bxb2 21. Rxb2 dxc4 22. Ndxc4 Rfd8 23. Nxg6 hxg6 24. a4 Rd5 25. Rc2 Rc5 26. Rec1 Nd5 27. Ne3 Qe5 28. Qd2 Rxc2 29. Rxc2 Rxc2 30. Nxc2 Qb2 31. Qd3 Qc3 32. Qxc3 Nxc3 33. Nd4 Kf8 34. Nc6 a5 35. f3 g5 36. Kf2 Nd5 37. g3 f6 38. Nd4 Ke7 39. Ke2 Kd6 40. Kd3 Nc7 41. Kc4 g6 42. Ne2 e5 43. Nc3 f5 44. g4 Kc6 45. Ne2 Nd5 46. Ng3 Ne7 47. b4 Nd5 48. gxf5 Ne3+ 49. Kd3 Nxf5 50. Ne4 axb4 51. Kc4 b3 52. Kxb3 Nd4+ 53. Kc4 Nxf3 54. Kd3 Kd5 55. Ke3 Nd4 56. Nxg5 Ne6 57. Ne4 Nc5 58. Nc3+ Kc4 59. Kd2 Kb3 60. Nd5 Nxa4 61. Ke3 b5 62. Nc7 b4 63. Na6 Nc3 64. Nc5+ Kc2 65. Nd3 b3 66. Ne1+ Kd1 67. Nd3 e4 68. Kd4 exd3 0-1

[Event "Quebec op U2000"]
[Site "Montreal CAN"]
[Date "2012.07.22"]
[Round "3"]
[White "Yip, William"]
[Black "Cote-Lalumiere, Tristan"]
[Result "0-1"]
[WhiteElo "1561"]
[BlackElo "1866"]
[PlyCount "94"]
[GameId "2160767909442331"]
[EventDate "2012.07.21"]
[EventType "swiss"]
[EventRounds "9"]
[EventCountry "CAN"]
[SourceTitle "EXT 2022"]
[Source "ChessBase"]
[SourceDate "2021.10.06"]
[SourceVersion "1"]
[SourceVersionDate "2021.10.06"]
[SourceQuality "1"]

1. d4 Nf6 2. c4 c5 3. e3 cxd4 4. exd4 g6 5. Nc3 Bg7 6. Nf3 O-O 7. Bf4 d6 8. Be2 a6 9. O-O b6 10. Qc2 Nh5 11. Be3 Nc6 12. a3 Bf5 13. Qd2 Nf6 14. Bh6 Na5 15. Bxg7 Kxg7 16. Qd1 Rc8 17. Nd2 d5 18. cxd5 Nxd5 19. Nde4 b5 20. Bg4 Bxg4 21. Qxg4 f5 22. Qg3 fxe4 23. Qe5+ Nf6 24. Nxe4 Nc4 25. Ng5 Nxe5 26. Ne6+ Kg8 27. Nxd8 Rfxd8 28. dxe5 Ng4 29. Rfe1 Rd2 30. f3 Nf2 31. Rac1 Rxc1 32. Rxc1 Rd1+ 33. Rxd1 Nxd1 34. b3 Kf7 35. Kf1 Ne3+ 36. Kf2 Nc2 37. Ke2 Nd4+ 38. Kd3 Nxb3 39. Kc3 Na5 40. Kb4 Nc6+ 41. Kc5 Nxe5 42. Kb6 Nc4+ 43. Kxa6 Nxa3 44. Ka5 Kf6 45. Kb4 Nc2+ 46. Kxb5 Ne1 47. Kc4 Nxg2 0-1

[Event "Quebec op U2000"]
[Site "Montreal CAN"]
[Date "2012.07.21"]
[Round "4"]
[White "Balogh, Alex"]
[Black "Desmarais, Serge"]
[Result "1-0"]
[WhiteElo "1862"]
[BlackElo "1633"]
[PlyCount "45"]
[GameId "2160767909442332"]
[EventDate "2012.07.21"]
[EventType "swiss"]
[EventRounds "9"]
[EventCountry "CAN"]
[SourceTitle "EXT 2022"]
[Source "ChessBase"]
[SourceDate "2021.10.06"]
[SourceVersion "1"]
[SourceVersionDate "2021.10.06"]
[SourceQuality "1"]

1. d4 f5 2. c4 Nf6 3. g3 g6 4. Bg2 Bg7 5. Nf3 d6 6. O-O O-O 7. Nc3 c6 8. d5 Re8 9. Nd4 e5 10. dxc6 exd4 11. cxb7 Bxb7 12. Bxb7 Nbd7 13. Bxa8 dxc3 14. Bd5+ Nxd5 15. Qxd5+ Kh8 16. bxc3 Bxc3 17. Rb1 Rxe2 18. Qd3 Rxa2 19. Qxc3+ Kg8 20. c5 Ra5 21. Bb2 Ne5 22. cxd6 Rb5 23. Rfe1 1-0

[Event "Quebec op U2000"]
[Site "Montreal CAN"]
[Date "2012.07.23"]
[Round "4"]
[White "Autotte, Daniel"]
[Black "Robichaud, Nicolas"]
[Result "0-1"]
[WhiteElo "1796"]
[BlackElo "1145"]
[PlyCount "80"]
[GameId "2160767909442333"]
[EventDate "2012.07.21"]
[EventType "swiss"]
[EventRounds "9"]
[EventCountry "CAN"]
[SourceTitle "EXT 2022"]
[Source "ChessBase"]
[SourceDate "2021.10.06"]
[SourceVersion "1"]
[SourceVersionDate "2021.10.06"]
[SourceQuality "1"]

1. d4 Nf6 2. Nf3 g6 3. Bf4 Bg7 4. e3 O-O 5. Be2 d6 6. h3 Bf5 7. c3 Nbd7 8. Bh2 c5 9. O-O cxd4 10. exd4 Qb6 11. Qb3 Qxb3 12. axb3 Bh6 13. g4 Be4 14. Nbd2 Bxd2 15. Nxd2 Bc6 16. f4 Ne4 17. Nf3 f5 18. g5 Kg7 19. Rfd1 e6 20. c4 Nb6 21. Nd2 d5 22. c5 Nxd2 23. Rxd2 Nd7 24. b4 a6 25. b3 Rh8 26. Rda2 Rad8 27. Ra5 h6 28. h4 hxg5 29. hxg5 Rh3 30. Kg2 Rxb3 31. b5 axb5 32. Ra8 Rxa8 33. Rxa8 Rb4 34. Bg1 Rb2 35. Kf3 b4 36. Re8 Kf7 37. Rh8 b3 38. Bd3 Rd2 39. Ke3 Rd1 40. Rh7+ Kg8 0-1

[Event "Quebec op U2000"]
[Site "Montreal CAN"]
[Date "2012.07.23"]
[Round "4"]
[White "Baran, Marius"]
[Black "Pichette, Mickaelin"]
[Result "0-1"]
[WhiteElo "1788"]
[BlackElo "1863"]
[PlyCount "164"]
[GameId "2160767909442334"]
[EventDate "2012.07.21"]
[EventType "swiss"]
[EventRounds "9"]
[EventCountry "CAN"]
[SourceTitle "EXT 2022"]
[Source "ChessBase"]
[SourceDate "2021.10.06"]
[SourceVersion "1"]
[SourceVersionDate "2021.10.06"]
[SourceQuality "1"]

1. d4 f5 2. Nf3 Nf6 3. c4 c5 4. d5 b5 5. e3 b4 6. a3 g6 7. axb4 cxb4 8. b3 Bg7 9. Bb2 d6 10. Be2 a5 11. O-O Na6 12. Ne1 O-O 13. Nd3 g5 14. Nd2 Ne4 15. Bxg7 Kxg7 16. Nxe4 fxe4 17. Nc1 Nc5 18. f3 e5 19. dxe6 Nxe6 20. Qd5 Bd7 21. Qxe4 Qf6 22. Nd3 Rae8 23. Qd5 Nd8 24. e4 Nc6 25. f4 Qd4+ 26. Qxd4+ Nxd4 27. Bd1 Rxe4 28. Rxa5 gxf4 29. Ra7 Re7 30. Nxf4 Ref7 31. g3 Bc6 32. Rxf7+ Rxf7 33. Rf2 Kh6 34. Rd2 Nf5 35. Bc2 Ne3 36. Rxd6+ Kg5 37. Rxc6 Nxc2 38. Rd6 Ra7 39. Kf2 Ra3 40. Rd5+ Kf6 41. Rd2 Na1 42. Nd5+ Ke5 43. Nxb4 Rxb3 44. Nd3+ Kf5 45. Nf4 Rb1 46. Ne2 Rb4 47. Ra2 Rb1 48. Ra3 Nc2 49. Rc3 Rb2 50. Rxc2 Rxc2 51. Kf3 Rxc4 52. Nf4 Rc3+ 53. Kg2 Kg4 54. h3+ Kf5 55. Nd5 Ra3 56. Nf4 Ke4 57. Nh5 Ra2+ 58. Kg1 Kf5 59. Nf4 h6 60. Kh1 Ke4 61. Kg1 Kf3 62. Nh5 Ra5 63. g4 Ra2 64. Kh1 Rg2 65. Nf4 Rg3 66. Nd3 Rxh3+ 67. Kg1 Rg3+ 68. Kh2 Kxg4 69. Ne5+ Kh4 70. Nf7 h5 71. Nh6 Ra3 72. Nf5+ Kg4 73. Nh6+ Kf4 74. Nf7 h4 75. Nd6 Kg4 76. Ne4 Ra2+ 77. Kg1 Re2 78. Nf2+ Kg3 79. Nh1+ Kf3 80. Kf1 Ra2 81. Kg1 h3 82. Nf2 Rxf2 0-1

[Event "Quebec op U2000"]
[Site "Montreal CAN"]
[Date "2012.07.23"]
[Round "4"]
[White "Benoit, Sebastien"]
[Black "Noritsyn, Sergey"]
[Result "1-0"]
[WhiteElo "1816"]
[BlackElo "1723"]
[PlyCount "62"]
[GameId "2160767909442335"]
[EventDate "2012.07.21"]
[EventType "swiss"]
[EventRounds "9"]
[EventCountry "CAN"]
[SourceTitle "EXT 2022"]
[Source "ChessBase"]
[SourceDate "2021.10.06"]
[SourceVersion "1"]
[SourceVersionDate "2021.10.06"]
[SourceQuality "1"]

1. e4 d5 2. exd5 Nf6 3. d4 Nxd5 4. Nf3 g6 5. h3 Bg7 6. c4 Nb6 7. Nc3 Nc6 8. Be3 O-O 9. Be2 Na5 10. b3 Nc6 11. Rc1 e5 12. d5 Ne7 13. O-O Nf5 14. Bc5 Re8 15. Re1 Nd7 16. Be3 Nxe3 17. fxe3 Bh6 18. Bf1 e4 19. Nd4 Nc5 20. b4 Nd3 21. Bxd3 exd3 22. Qxd3 Qg5 23. e4 Qh5 24. Rc2 f5 25. e5 Bg7 26. Rce2 f4 27. e6 Bxd4+ 28. Qxd4 f3 29. Ne4 Rf8 30. Rf2 Qh4 31. Ref1 Rf4 1-0

[Event "Quebec op U2000"]
[Site "Montreal CAN"]
[Date "2012.07.23"]
[Round "4"]
[White "Chevalier, Francois"]
[Black "Yip, William"]
[Result "1/2-1/2"]
[WhiteElo "1808"]
[BlackElo "1561"]
[PlyCount "89"]
[GameId "2160767909442336"]
[EventDate "2012.07.21"]
[EventType "swiss"]
[EventRounds "9"]
[EventCountry "CAN"]
[SourceTitle "EXT 2022"]
[Source "ChessBase"]
[SourceDate "2021.10.06"]
[SourceVersion "1"]
[SourceVersionDate "2021.10.06"]
[SourceQuality "1"]

1. e4 c5 2. Nf3 d6 3. d4 cxd4 4. Nxd4 Nf6 5. f3 Nc6 6. c4 g6 7. Nc3 Bg7 8. Be3 e6 9. Qd2 O-O 10. Be2 a6 11. O-O Qc7 12. Rac1 Rd8 13. Rfd1 Bd7 14. Bf1 Be8 15. Qf2 Qe7 16. b3 Nd7 17. g3 Nde5 18. Bh3 Nxd4 19. Bxd4 Bc6 20. f4 Nd7 21. Bxg7 Kxg7 22. Bg2 Nf6 23. h3 Qc7 24. Qe2 b5 25. Kh2 b4 26. Nb1 Nd7 27. Nd2 Nc5 28. Qe3 a5 29. Nf1 a4 30. Ra1 axb3 31. axb3 Rdb8 32. e5 Bxg2 33. Kxg2 dxe5 34. fxe5 Ra3 35. Nd2 Rd8 36. Rxa3 Rd3 37. Qe2 bxa3 38. Ra1 Qd7 39. Nf3 Rxb3 40. Ra2 Qb7 41. Qf1 Rb2+ 42. Rxb2 Qxb2+ 43. Kg1 a2 44. Ne1 a1=Q 45. Qf6+ 1/2-1/2

[Event "Quebec op U2000"]
[Site "Montreal CAN"]
[Date "2012.07.23"]
[Round "4"]
[White "Cote-Lalumiere, Tristan"]
[Black "Alcantara, Maximo jr"]
[Result "0-1"]
[WhiteElo "1866"]
[BlackElo "1757"]
[PlyCount "94"]
[GameId "2160767909442337"]
[EventDate "2012.07.21"]
[EventType "swiss"]
[EventRounds "9"]
[EventCountry "CAN"]
[SourceTitle "EXT 2022"]
[Source "ChessBase"]
[SourceDate "2021.10.06"]
[SourceVersion "1"]
[SourceVersionDate "2021.10.06"]
[SourceQuality "1"]

1. e4 Nf6 2. d3 e5 3. f4 exf4 4. Bxf4 d6 5. Nc3 Be7 6. Nf3 Nh5 7. g3 Nxf4 8. gxf4 Bh4+ 9. Kd2 Bg4 10. Be2 Nd7 11. Nxh4 Bxe2 12. Qxe2 Qxh4 13. Nd5 O-O-O 14. Rag1 g6 15. Qg4 Qxg4 16. Rxg4 c6 17. Ne3 h6 18. h4 Rhg8 19. Rhg1 Nf6 20. R4g2 d5 21. e5 Nh5 22. Rg4 Ng7 23. f5 d4 24. Nc4 Nxf5 25. e6 Rgf8 26. exf7 Rxf7 27. Ne5 Re7 28. Nxg6 Rg7 29. h5 Rd5 30. Re4 Kd8 31. Rf1 Kc7 32. Ref4 Ng3 33. Rf7+ Rd7 34. Rxd7+ Rxd7 35. Rf8 Nxh5 36. Rh8 Rd6 37. Rxh6 Ng7 38. Ke2 Rf6 39. c3 dxc3 40. bxc3 Kb6 41. Kd2 Ne6 42. a4 a5 43. d4 Nf8 44. Rh8 Nxg6 45. Rh6 Rd6 46. Ke3 Re6+ 47. Kd2 Nf4 0-1

[Event "Quebec op U2000"]
[Site "Montreal CAN"]
[Date "2012.07.23"]
[Round "4"]
[White "Dubreuil, Raymond"]
[Black "Pregent, Daniel"]
[Result "0-1"]
[WhiteElo "1502"]
[BlackElo "1814"]
[PlyCount "96"]
[GameId "2160767909442338"]
[EventDate "2012.07.21"]
[EventType "swiss"]
[EventRounds "9"]
[EventCountry "CAN"]
[SourceTitle "EXT 2022"]
[Source "ChessBase"]
[SourceDate "2021.10.06"]
[SourceVersion "1"]
[SourceVersionDate "2021.10.06"]
[SourceQuality "1"]

1. e4 c5 2. Nc3 d6 3. g3 Nc6 4. Bg2 g6 5. d3 Bg7 6. f4 Bd7 7. Nf3 e6 8. O-O Nge7 9. Nb5 Qb8 10. Kh1 a6 11. Nc3 O-O 12. Be3 Rd8 13. Qc1 b6 14. f5 exf5 15. Nh4 Nd4 16. exf5 Nexf5 17. Nxf5 Nxf5 18. Bg5 Re8 19. Nd5 Ra7 20. Rb1 Be6 21. c3 Kh8 22. Re1 Bxd5 23. Bxd5 f6 24. Bc6 Rxe1+ 25. Qxe1 Re7 26. Qd2 fxg5 27. Qxg5 Qc8 28. Be4 Qe6 29. g4 Bh6 30. gxf5 gxf5 31. Qxf5 Qxf5 32. Bxf5 Re2 33. Rg1 Rxb2 34. Be6 Bg7 35. d4 Re2 36. Bc4 Re3 37. dxc5 b5 38. Bd5 dxc5 39. c4 b4 40. Rf1 Bd4 41. Rg1 h5 42. Rg8+ Kh7 43. Ra8 Re1+ 44. Kg2 Re2+ 45. Kh3 Rxa2 46. Re8 Kh6 47. Rg8 Be5 48. Bg2 Ra3+ 0-1

[Event "Quebec op U2000"]
[Site "Montreal CAN"]
[Date "2012.07.23"]
[Round "4"]
[White "Duplessis, Jean-Roch"]
[Black "Lalumiere, Claude"]
[Result "0-1"]
[WhiteElo "1667"]
[BlackElo "1825"]
[PlyCount "140"]
[GameId "2160767909442339"]
[EventDate "2012.07.21"]
[EventType "swiss"]
[EventRounds "9"]
[EventCountry "CAN"]
[SourceTitle "EXT 2022"]
[Source "ChessBase"]
[SourceDate "2021.10.06"]
[SourceVersion "1"]
[SourceVersionDate "2021.10.06"]
[SourceQuality "1"]

1. e4 c5 2. Nf3 e6 3. c4 Nc6 4. d4 cxd4 5. Nxd4 Nf6 6. Nxc6 bxc6 7. Nc3 Qc7 8. g3 Ba6 9. Qa4 Bb7 10. Bg2 a5 11. Qd1 Bc5 12. O-O h5 13. e5 Qxe5 14. Bf4 Qf5 15. Bd6 Ba7 16. Qf3 Qxf3 17. Bxf3 Bb8 18. Rfd1 Bxd6 19. Rxd6 Ke7 20. Rad1 Rhd8 21. Ne4 c5 22. Ng5 Bxf3 23. Nxf3 Nd5 24. R6xd5 exd5 25. Rxd5 d6 26. Rxh5 Rab8 27. b3 a4 28. Nd2 axb3 29. axb3 Rh8 30. Rd5 Rh6 31. h4 Re6 32. Rd3 Ra8 33. Nf1 Re1 34. Kg2 Ra2 35. Ne3 g6 36. Nd5+ Kd7 37. Nc3 Rc2 38. Kf3 f5 39. Nb5 Re6 40. Nc3 Kc6 41. Kg2 Rb2 42. Nd1 Rb1 43. Ne3 Re7 44. Nd5 Rb7 45. Nf4 R1xb3 46. Rxb3 Rxb3 47. Nxg6 Kd7 48. h5 Ke8 49. Nh4 f4 50. g4 Kf7 51. Ng6 f3+ 52. Kg3 Rc3 53. Nh4 Rxc4 54. Kxf3 Rc3+ 55. Kf4 Rc4+ 56. Kf3 d5 57. Nf5 Rc3+ 58. Ke2 Kf6 59. Ne3 Ke5 60. f4+ Ke4 61. Nd1 Rc2+ 62. Kf1 Kxf4 63. h6 Rh2 64. Nf2 c4 65. Nd1 Rxh6 66. Nc3 d4 67. Ne2+ Ke3 68. Ng3 Ra6 69. Nf5+ Ke4 70. Ng3+ Kf3 0-1

[Event "Quebec op U2000"]
[Site "Montreal CAN"]
[Date "2012.07.23"]
[Round "4"]
[White "Johnson, Nicholas1"]
[Black "Girard, Sylvain"]
[Result "0-1"]
[WhiteElo "1725"]
[BlackElo "1588"]
[PlyCount "70"]
[GameId "2160767909442340"]
[EventDate "2012.07.21"]
[EventType "swiss"]
[EventRounds "9"]
[EventCountry "CAN"]
[SourceTitle "EXT 2022"]
[Source "ChessBase"]
[SourceDate "2021.10.06"]
[SourceVersion "1"]
[SourceVersionDate "2021.10.06"]
[SourceQuality "1"]

1. c4 Nf6 2. g3 g6 3. Bg2 Bg7 4. Nc3 O-O 5. e4 d6 6. Nge2 e5 7. O-O c6 8. d3 Nbd7 9. f4 Qb6+ 10. Kh1 Ng4 11. Qe1 Ne3 12. Bxe3 Qxe3 13. Rf3 Qb6 14. Qd2 Bh6 15. d4 Rd8 16. d5 c5 17. a4 exf4 18. gxf4 Ne5 19. Nb5 Nxf3 20. Bxf3 a6 21. a5 axb5 22. axb6 Rxa1+ 23. Kg2 bxc4 24. Qc2 Bd7 25. Qxc4 Ra4 26. Qc2 Rb4 27. e5 Bf5 28. Qd1 Rxb6 29. Kg3 Bg7 30. Qc1 dxe5 31. Qxc5 exf4+ 32. Kxf4 Rxb2 33. Qe7 Rd7 34. Qe8+ Bf8 35. Ng3 Rb4+ 0-1

[Event "Quebec op U2000"]
[Site "Montreal CAN"]
[Date "2012.07.23"]
[Round "4"]
[White "Langlois-Remillard, Alexis"]
[Black "Moore, Ronald"]
[Result "1/2-1/2"]
[WhiteElo "1783"]
[BlackElo "1713"]
[PlyCount "77"]
[GameId "2160767909442341"]
[EventDate "2012.07.21"]
[EventType "swiss"]
[EventRounds "9"]
[EventCountry "CAN"]
[SourceTitle "EXT 2022"]
[Source "ChessBase"]
[SourceDate "2021.10.06"]
[SourceVersion "1"]
[SourceVersionDate "2021.10.06"]
[SourceQuality "1"]

1. g3 d5 2. Bg2 Nf6 3. Nf3 c6 4. c4 g6 5. b3 Bg7 6. Bb2 O-O 7. O-O Re8 8. d4 Ne4 9. Nbd2 f5 10. Rc1 e6 11. Ne5 Nxd2 12. Qxd2 Nd7 13. cxd5 exd5 14. f4 Nf6 15. b4 Ne4 16. Qe1 Qb6 17. Kh1 a5 18. a3 Bf8 19. Nd3 axb4 20. Nxb4 Ra4 21. Nd3 Bxa3 22. Ra1 Qa7 23. Qd1 b5 24. Bxa3 Rxa3 25. Rc1 Bb7 26. Ne5 Rc8 27. Bxe4 dxe4 28. d5 c5 29. d6 Rd8 30. d7 Qb6 31. Qc2 c4 32. Rfd1 Qf2 33. e3 Qxe3 34. Nxc4 bxc4 35. Qxc4+ Kg7 36. Qe6 Qf3+ 37. Kg1 Qe3+ 38. Kh1 Qf3+ 39. Kg1 1/2-1/2

[Event "Quebec op U2000"]
[Site "Montreal CAN"]
[Date "2012.07.23"]
[Round "4"]
[White "Lelievre, Aldo"]
[Black "Le Bas, Nicolas"]
[Result "1-0"]
[WhiteElo "1497"]
[BlackElo "1655"]
[PlyCount "92"]
[GameId "2160767909442342"]
[EventDate "2012.07.21"]
[EventType "swiss"]
[EventRounds "9"]
[EventCountry "CAN"]
[SourceTitle "EXT 2022"]
[Source "ChessBase"]
[SourceDate "2021.10.06"]
[SourceVersion "1"]
[SourceVersionDate "2021.10.06"]
[SourceQuality "1"]

1. d4 Nf6 2. c4 g6 3. Nc3 Bg7 4. e4 d6 5. Nf3 O-O 6. Be2 e5 7. O-O Nc6 8. d5 Ne7 9. h3 a5 10. Qc2 Nd7 11. Ng5 h6 12. Nf3 f5 13. b3 Nf6 14. Bd3 f4 15. Ba3 b6 16. Rac1 g5 17. Nh2 h5 18. f3 Qe8 19. Nd1 g4 20. fxg4 hxg4 21. hxg4 Nxg4 22. Nxg4 Bxg4 23. Be2 Bh5 24. Bxh5 Qxh5 25. Rf3 Kf7 26. Nf2 Rh8 27. Rh3 Qg5 28. Qe2 Ng6 29. Qg4 Qe7 30. Rxh8 Rxh8 31. Nh3 Bf6 32. Rf1 Rg8 33. Qh5 Kf8 34. Bc1 Qg7 35. Ng5 Bxg5 36. Qxg5 Qe7 37. Qxe7+ Kxe7 38. Kf2 Nf8 39. Bd2 Nd7 40. b4 axb4 41. Bxb4 Nf6 42. Re1 Ng4+ 43. Kg1 Ne3 44. Re2 Nxc4 45. Rc2 Rxg2+ 46. Rxg2 Kf6 1-0